| 000 | nam a22 7a 4500 | ||
|---|---|---|---|
| 999 |
_c9356 _d9356 |
||
| 008 | 180510b ||||| |||| 00| 0 eng d | ||
| 020 | _a971270691 | ||
| 082 |
_21998 _aDFil 899.2103 _bC81 |
||
| 100 |
_927818 _aCortes, Carlos |
||
| 245 |
_aEnosis/ _cCarlos Cortes |
||
| 260 |
_aPasig City: _bAnvil Publishing, _cc1998. |
||
| 300 |
_apages 1-2; _b21 cm. |
||
| 500 | _aLassitude and other stories. | ||
| 650 | 0 |
_927819 _aPhilippine short stories (English) |
|
| 942 |
_2ddc _cDFIL |
||